Batak cloth and clothing : a dynamic Indonesian tradition
| Main Author: | |
|---|---|
| Format: | Book |
| Published: |
New York :
Oxford University Press ,
1993
|
| Subjects: |
MARC
| LEADER | 00000cam a2200000 7i4500 | ||
|---|---|---|---|
| 001 | 0000002714 | ||
| 002 | 000002944 | ||
| 005 | 20080514.0 | ||
| 020 | |a 9676530409 | ||
| 090 | 0 | 0 | |a 391.008999222 |b NIE |
| 100 | 1 | |a Niessen, Sandra A | |
| 245 | 1 | 0 | |a Batak cloth and clothing : |b a dynamic Indonesian tradition |c Sandra A.Niessen |
| 260 | |a New York : |b Oxford University Press , |c 1993 | ||
| 300 | |a 136p. ; |c 25cm. | ||
| 650 | 0 | 0 | |a Batak (Indonesia people) |x Costume |
| 999 | |a 00069422 |b BUKU |c PINJAMAN |e PERPUSTAKAAN KOMUNITI PETALING JAYA | ||